Formel-1-Austragungsländer – Sudden Death - Statistiken

Allgemein
  • Dieses Quiz wurde 2.794 mal gespielt
  • Das Durchschnittsergebnis liegt bei 9 aus 34
Answers on the Grid
Answers color-coded by a green-red scale on the quiz's grid according to % correct below.
Argentinien
Aserbaidschan
Australien
Bahrain
Belgien
Brasilien
VR China
Deutschland
Frankreich
Indien
Italien
Japan
Kanada
Katar
Südkorea
Malaysia
Marokko
Mexiko
Monaco
Niederlande
Österreich
Portugal
Russland
Saudi-Arabien
Schweden
Schweiz
Singapur
Spanien
Südafrika
Türkei
Ungarn
Vereinigte Arabische Emirate
Vereinigte Staaten
Vereinigtes Königreich
Vietnam
Luxemburg
Thailand
Eifel
San Marino
Polen
Irland
Indonesien
Neuseeland
Ägypten
Toskana
Steiermark
Finnland
Abu Dhabi
Kuba
Miami
 
Antwortstatistiken
Antwort % Korrekt
Monaco
36%
Italien
35%
Bahrain
34%
Brasilien
33%
Deutschland
33%
Österreich
33%
Ungarn
33%
Japan
32%
Spanien
32%
Vereinigte Staaten
32%
Belgien
31%
Kanada
31%
Niederlande
31%
Singapur
31%
Vereinigtes Königreich
31%
Aserbaidschan
30%
Australien
30%
Mexiko
30%
Katar
29%
Saudi-Arabien
29%
Frankreich
28%
Vereinigte Arabische Emirate
27%
Russland
25%
Portugal
24%
Malaysia
23%
Türkei
23%
VR China
23%
Südafrika
22%
Argentinien
17%
Südkorea
17%
Indien
16%
Schweiz
14%
Marokko
13%
Schweden
12%
Keine übereinstimmenden Quizze gefunden
Verteilung der Resultate
Anzahl Personen mit jedem Resultat
Perzentil nach korrekt beantworteten Fragen
Ihre Resultats-Entwicklung
Sie haben dieses Quiz noch nicht gespielt